Регионална библиотека "Любен Каравелов" - Русе

Резултати от преброяване на земеделските стопанства в България през 2003 година (Запис номер 72515)

MARC детайли
000 -Лидер
Контролно поле с фиксирана дължина 01968nam a2200361 c 4500
003 - Код на организацията, давaща контролен номер
Контролно поле BLK
005 - Дата и час на последна редакция
Контролно поле 20210209085736.0
008 - Елементи от данни с фиксирана дължина
fixed length control field 180408b bul|||||r ||||||| ||bul||
010 ## - Наследен системен номер
LC control number KNG00076890000
040 ## - Източник на каталожния запис
Идентификатор на билиотеката - собственик на записа BLK
041 ## - Код за език
Код за езика на текст/звукозапис или на отделно заглавие Български
Код за езика КДБФ Български
080 ## - УДК
Текстов определител УДК Статистика на населението. Демографска статистика. Вж и 314 ; 316 ; 323. 3 ; 325 ; 614. 1
УДК код - определител по УДК 312
УДК определител (497.2)
УДК - код + определител 312(497.2)
080 ## - УДК
Текстов определител УДК Организация и управление на селскостопанското производство (предприятие)
УДК код - определител по УДК 631.1
УДК определител (497.2):311
УДК - код + определител 631.1(497.2):311
110 1# - Редна дума - колетивен орган
Редна дума - наименование на организация или юридическо лице България. Министерство на земеделието и горите
9 (RLIN) 261629
139 ## - Редно поле
Редна дума България. Министерство на земеделието и горите
Авторски знак Бъл - Б 92
245 10 - Сведения за заглавието
Заглавие Резултати от преброяване на земеделските стопанства в България през 2003 година
Подзаглавни данни Агростатистика
246 11 - Различни форми на заглавието
Паралелно заглавие Agricultural cencuc in Bulgaria 2003 results : Agro statistics
257 ## - Страна на издаване
Страна на създаване/издаване България
260 ## - Област на издателските данни
Име на издателя, разпространителя и проч. М-во на земеделието, горите и аграр. реформа
Година на издаване 2005
300 ## - Физическа характеристика
Страници 296 с.
Илюстрации и др. с ил., табл.
Размери/Мащаб 30 см
380 ## - Жанр
Жанр Обществени науки
500 ## - Общи забележки
Забележка Съдържа и Статистически въпросник ; Закон за преброяване на земеделските стопанства. - Кн. е със CD 1403. - Деп. екз. е без CD
650 #4 - Допълнително описание по предмет – тема
Основно описание – тема или топоним Селскостопански предприятия - България - статистика
9 (RLIN) 295910
653 ## - Ключова дума – ненормативна
Ключова дума селскостопански предприятия
653 ## - Ключова дума – ненормативна
Ключова дума България
653 ## - Ключова дума – ненормативна
Ключова дума статистика
653 ## - Ключова дума – ненормативна
Ключова дума 2003 г.
852 ## - Местоположение
Форматна сигнатура Цб ІІ 14664
856 4# - Електронен адрес и достъп
Електронен формат pdf - файл
856 4# - Електронен адрес и достъп
Електронен формат pdf - файл
999 ## - СИСТЕМНИ КОНТРОЛНИ НОМЕРА
Koha biblionumber 72515
Koha biblioitemnumber 72515
942 ## - АРТИКУЛИ
Вид на библиотечния материал Книги
Скрит в OPAC Не
Периодичен библиозапис Да
944 ## - СЪЗДАВАНЕ И РЕДАКЦИЯ на ЗАПИСА
Създаване/Редакция Създаване
Дата на регистрацията/редакция 02.08.2007
Служител, извършил регистрацията/редакцията Цветанка_Енчева
944 ## - СЪЗДАВАНЕ И РЕДАКЦИЯ на ЗАПИСА
Създаване/Редакция Редакция
Дата на регистрацията/редакция 17.12.2007
999 ## - СИСТЕМНИ КОНТРОЛНИ НОМЕРА
Koha biblioitemnumber 72515
Наличности
Код за отписване Код за изгубен артикул Код за повреда Коз за рестрикции Код за отдаване Артикулен № Име на библиотеката - собственик Име на библиотеката, в която се намира в момента Статус (Текущо местоположение) Дата на вписване в системата Местоположение - отдел Цена в лева Инвентарен номер Систематично азбучна сигнатура Баркод Номер на екземпляра Цена в евро Служебна бележка Служебен тип на артикула
  Не е изгубен Не е повреден без рестрикции ползва се в читалня 118067 Регионална библиотека "Любен Каравелов" Русе Регионална библиотека "Любен Каравелов" Русе Хранилище 2007-08-01 Хранилище 0.00 120000716029 Цб ІІ 14664 120000716029 1 0.00 Дост: Dp Вид: Д N: 9 Дата: 08.02.2007 Книги
Изтеглен Не е изгубен Не е повреден без рестрикции заемане за дома 118068 Регионална библиотека "Любен Каравелов" Русе Регионална библиотека "Любен Каравелов" Русе Заемна - подръчен фонд 2007-11-29 Заемна - подръчен фонд 10.00 120000720683 П 312/Б 92 120000720683 2 5.11 Дост: DA Вид: А N: 12 Дата: 29.11.2007 Дата инв: 02.02.2018 Бележки инв: П2018 Книги
  Не е изгубен Не е повреден без рестрикции заемане за дома 118069 Регионална библиотека "Любен Каравелов" Русе Регионална библиотека "Любен Каравелов" Русе Заемна - подръчен фонд 2007-11-29 Заемна - подръчен фонд 10.00 120000720684 П 312/Б 92 120000720684 3 5.11 Дост: DA Вид: А N: 12 Дата: 29.11.2007 Дата инв: 02.02.2018 Бележки инв: П2018 Книги
Vip Innovations Ltd, Rousse, Bulgaria 2025